| 000 | 01282cam a2200277 i 4500 | ||
|---|---|---|---|
| 003 | SA-RiAUC | ||
| 005 | 20250624104455.0 | ||
| 008 | 250623s1994 le g 00000 ara c | ||
| 040 |
_aSA-JeALM _bara _cSA-RiAUC _erda |
||
| 082 | 0 | 4 | _a230 |
| 090 |
_a230 _bا ب ن ح |
||
| 100 | 1 |
_aابن حجر العسقلاني، أحمد بن علي بن محمد، _d773-852 هجري _eمؤلف. |
|
| 245 | 1 | 2 |
_aالنكت على كتاب ابن الصلاح / _cابن حجر العسقلاني ؛ حققه وعلق عليه مسعد عبد الحميد السعدني، محمد فارس. |
| 264 | 1 |
_aبيروت : _bدار الكتب العلمية، _c[بين 1900 و1999] |
|
| 300 |
_a384 صفحة ؛ _c24 سم |
||
| 336 |
_aنص _btxt _2rdacontent _3كتاب |
||
| 337 |
_aبدون وسيط _bn _2rdamedia |
||
| 338 |
_aمجلد _bnc _2rdacarrier |
||
| 650 | 7 |
_aعلم الحديث _2aucsh |
|
| 700 | 1 |
_aالسعدني، مسعد عبد الحميد محمد _eمحقق. |
|
| 700 | 1 |
_aالشافعي، محمد حسن محمد حسن إسماعيل _eمحقق. |
|
| 700 | 1 | 2 |
_aابن الصلاح، عثمان بن عبد الرحمن بن عثمان، _d577-643 هجري |
| 740 | 0 | 2 | _aمقدمة ابن الصلاح. |
| 942 |
_2ddc _cBOOK _n0 |
||
| 949 |
_aSA-JeALM _d250623 _uosman123 _n1 |
||
| 999 |
_c9129 _d9129 |
||